000 00735nam a2200217Ia 4500
001 16017
003 GE_BSU
008 181216s||||||||xx |||||||||||||| ||und||
040 _cGE_BSU
080 _a821.353.1-31
100 _aჯაფარიძე, რევაზ
245 _aმძიმე ჯვარი : რომანი 3 წიგნად.წ. 2 : განკითხვის დღე
245 _cრედ.ნ.ხომერიკი.მხ.დ.დუნდუა
260 _aთბილისი
260 _bმერანი
260 _c1976
300 _a464 გვ.20სმ.
653 _aგანკითხვის დღე
653 _aმძიმე ჯვარი
942 _cBK
999 _c49108
_d49108